000 00711nam a22002297a 4500
001 3332
003 FISKH
005 20240228122215.0
008 240228b cb ||||| |||| 00| 0 eng d
040 _aFISK
_beng
_cFISK
_dFISK
050 _aPZ7.P2843
082 _a813
100 _aPaulsen Gray :
_d1939 2021
245 _aThe Haymeadow /
_cGray Paulsen
260 _aNew York :
_bGray Paulsen,
_c1992
300 _a195 pages :
_b20 cm :
501 _aU
520 _aFourteen-year-old John comes of age and gains self-reliance during the summer he spends up in the Wyoming mountains tending his father's herd of sheep.
521 8 _a1010
_bU
700 _aGray Paulsen
942 _2ddc
_cBK
_n0
999 _c3332
_d3332